000 00288nam a22001217a 4500
008 180313b xxu||||| |||| 00| 0 eng d
041 _aeng
080 _a62
100 _a26
101 _aMEK
245 _aVector mechanics for engineers statics and dynamics
_cBeer,F.P
942 _2udc
_cBK
999 _c44905
_d44905